000 00993 a2200325 4500
005 20240719124528.0
008 240612s2022 ii ||||g |||| 001 0 eng
020 _a9788195555550
_cRs.3000.00
_qhbk.
040 _aNLI
_beng
_cEnglish Processing Division
041 0 _aeng
044 _aii
082 0 4 _223rd ed.
_a294.5921
_bP 191 jh
100 1 _6880-01
245 _aThe Brahmana of Twenty-Five Chapters /
_6880-02
_ctranslated by W.Caland , edited by D.K. Jha
260 _aVaranasi :
_bPrachya Vidya Bhawan ,
_c2022
300 _axxxvi , 660p. ;
_c22 cm
504 _aIndex1
600 1 0 _aBrahmanas, Tandyabrahmana
_xCommentaries
_91546694
650 0 _aVedas
_xSamaveda
_91546695
700 1 _aCaland, W.
_etrl.
700 1 _aJha , D.K.
_eedt.
_91535098
700 1 _6880-03
700 1 _91535098
_6880-03
700 1 _6880-03
852 _aBB
_cMain Stack Division
880 1 _6100-01
887 _aBahailu (Int)
887 _aPallab Paul
942 _2ddc
_cBKS
999 _c1558905
_d1558905